Физика и реальность: сборник статей

Detaylı Bibliyografya
Yazar: Эйнштейн А. Альберт
Müşterek Yazar: Академия наук СССР (АН СССР)
Dil:Rusça
Baskı/Yayın Bilgisi: Москва, Наука, 1965
Konular:
Materyal Türü: Kitap
KOHA link:https://koha.lib.tpu.ru/cgi-bin/koha/opac-detail.pl?biblionumber=373579

MARC

LEADER 00000nam0a2200000 4500
001 373579
005 20231102012559.0
035 |a (RuTPU)RU\TPU\retro\31009 
035 |a RU\TPU\book\270505 
090 |a 373579 
100 |a 20221216d1965 k y0rusy50 ca 
101 0 |a rus 
102 |a RU 
105 |a a z 001zd 
200 1 |a Физика и реальность  |e сборник статей  |f А. Эйнштейн  |g Академия наук СССР (АН СССР) 
210 |a Москва  |c Наука  |d 1965 
215 |a 360 с.  |c ил. 
320 |a Библиография в комментариях: с. 349-357. 
600 1 |a Планк  |g Макс  |b М.  |c немецкий физик  |f 1858-1947  |2 stltpush  |3 (RuTPU)RU\TPU\pers\1580 
600 1 |a Варбург  |b Э.  |c немецкий физик  |g Эмиль  |2 stltpush  |3 (RuTPU)RU\TPU\pers\11710  |9 2861 
600 1 |a Ньютон  |b И.  |c английский математик  |c механик  |c астроном  |c физик  |f 1642-1726  |g Исаак  |2 stltpush  |3 (RuTPU)RU\TPU\pers\346  |9 170 
600 1 |a Ньюком (Ньюкомб)  |b С.  |c американский астроном  |f 1835-1909  |g Саймон (Симон)  |2 stltpush  |3 (RuTPU)RU\TPU\pers\11713  |9 2864 
600 1 |a Кеплер  |g Иоганн  |f 1571-1630  |c немецкий астроном  |b И.  |2 stltpush  |3 (RuTPU)RU\TPU\pers\412 
600 1 |a Эренфест  |b П.  |c физик-теоретик  |f 1880-1933  |g Пауль  |c иностранный член-корреспондент РАН  |y Австрия, Россия, Нидерланды  |2 stltpush  |3 (RuTPU)RU\TPU\pers\11715 
600 1 |a Склодовская-Кюри  |g Мария  |b М.  |c французский физик  |c химик  |f 1876-1934  |c Нобелевский лауреат  |2 stltpush  |3 (RuTPU)RU\TPU\pers\1471 
600 1 |a Нернст  |b В.  |c немецкий физикохимик  |f 1864-1941  |g Вальтер  |c Нобелевский лауреат  |2 stltpush  |3 (RuTPU)RU\TPU\pers\7115 
600 1 |a Ланжевен  |b П.  |f 1872-1946  |g Поль  |c французский физик  |2 stltpush  |3 (RuTPU)RU\TPU\pers\6498 
600 1 |a Планк  |g Макс  |b М.  |c немецкий физик  |f 1858-1947  |2 stltpush  |3 (RuTPU)RU\TPU\pers\1580 
600 1 |a Кеплер  |g Иоганн  |f 1571-1630  |c немецкий астроном  |b И.  |2 stltpush  |3 (RuTPU)RU\TPU\pers\412 
600 1 |a Лоренц (Лорентц)  |b Г. (Х.) А.  |c нидерландский физик  |f 1853-1928  |g Гендрик (Хендрик) Антон  |c лауреат Нобелевской премии  |2 stltpush  |3 (RuTPU)RU\TPU\pers\13529 
606 1 |a Физика теоретическая  |2 stltpush  |3 (RuTPU)RU\TPU\subj\63728  |9 80703 
606 1 |a Физика  |x История  |2 stltpush  |3 (RuTPU)RU\TPU\subj\42263  |9 61950 
610 1 |a принципы 
610 1 |a исследование 
610 1 |a механика Ньютона 
610 1 |a реальность 
610 1 |a предшественники 
610 1 |a современники 
610 1 |a теория относительности 
610 1 |a поле 
675 |a 530.1  |v 3 
675 |a 53(09)  |v 3 
700 1 |a Эйнштейн  |b А.  |g Альберт 
712 0 2 |a Академия наук СССР (АН СССР)  |2 stltpush  |3 (RuTPU)RU\TPU\col\722 
801 1 |a RU  |b 63413507  |c 20140124 
801 2 |a RU  |b 63413507  |c 20221216  |g RCR 
942 |c BK